| 000 | 01949nas a2200277Ia 4500 | ||
|---|---|---|---|
| 001 | R050-S3683 | ||
| 003 | IT-CnALBA | ||
| 008 | 170116c99999999xx |||||||||||| ||und|| | ||
| 040 |
_aIT-CnALBA _cIT-CnALBA |
||
| 041 | _aITALIANO | ||
| 100 | _aTETI GIOVANNA | ||
| 210 | _aVIA VERITÀ E VITA | ||
| 222 | _aVIA VERITÀ E VITA | ||
| 245 | 0 | _aVIA VERITÀ E VITA. GENNAIO FEBBRAIO 1998. RIVISTA MONOGRAFICA APPROFONDIMENTO PASTORALE CATECHISTICO. | |
| 250 | _a1a ed. | ||
| 260 |
_a ROMA _bCENTRO CATECHISTICO PAOLINO _c1998 [1° Ed.:1998 - Ed.Ling.Originale: 1998] |
||
| 300 | _a90 p. | ||
| 310 | _aBIMESTRALE | ||
| 362 | _aFascicolo: 166 / Anno: 47 (1998) | ||
| 500 | _aSPIRITO SANTO NELLA CHIESA. IN SPIRITO E VERITÀ. SITUAZIONE DI FATTO. GENTE SULLO SPIRITO SANTO. BRUNI G. C. PENTECOSTE. CERVERA CASTELLANO J. DATORE DI VITA. SARNATARO C. CATECHESI. BRODOLONI P. G. RISCOPERTA CON GLI ADULTI. SCAFFARDI C. M. CONSEGNA AI GIOVANI ICONA DELLA TRINITÀ. ALLA RICERCA CON I PREADOLESCENTI. DIVENTARE COME BAMBINI. CRESIMA ADULTI, ESPERIENZA CATECUMENALE. CIBIEN C. NEI SACRAMENTI, PRESENZA SPIRITO SANTO. PIERINI F. SORGENTE DELLA COMUNIONE TRINITARIA NEI PADRI. DESTINO SPERANZA. INFORMAZIONE. | ||
| 501 | _aSocietà San Paolo EM - Piazza San Paolo, 14 - 12051 ALBA (CN) (non commercial uses only) ® Copyright 2017 | ||
| 520 | _aSPIRITO SANTO NELLA CHIESA. IN SPIRITO E VERITÀ. SITUAZIONE DI FATTO. GENTE SULLO SPIRITO SANTO. BRUNI G. C. PENTECOSTE. CERVERA CASTELLANO J. DATORE DI VITA. SARNATARO C. CATECHESI. BRODOLONI P. G. RISCOPERTA CON GLI ADULTI. SCAFFARDI C. M. CONSEGNA AI GIOVANI ICONA DELLA TRINITÀ. ALLA RICERCA CON I PREADOLESCENTI. DIVENTARE COME BAMBINI. CRESIMA ADULTI, ESPERIENZA CATECUMENALE. CIBIEN C. NEI SACRAMENTI, PRESENZA SPIRITO SANTO. PIERINI F. SORGENTE DELLA COMUNIONE TRINITARIA NEI PADRI. DESTINO SPERANZA. INFORMAZIONE. | ||
| 650 | _aTEOLOGIA PASTORALE - CATECHESI | ||
| 942 | _cCR | ||
| 957 | _71 | ||
| 999 |
_a65573 _bNO _g1 _c332269 _d332269 |
||